| 000 | 01029nam a2200301 a 4500 | ||
|---|---|---|---|
| 008 | |||
| 020 | _a9781630670368 (hardback) | ||
| 040 |
_aNUST _cNUST |
||
| 049 | _aMAIN | ||
| 090 |
_aREF QP752.F35 _bHAN |
||
| 245 | 1 | 0 |
_aHandbook of lipids in human function : _bfatty acids/ _cedited by Ronald Ross Watson & Fabien De Meester. |
| 260 |
_aLondon : _bAcademic Press, _c2016. |
||
| 300 |
_axxxi, 809 pages : _billustrations ; _c25 cm. |
||
| 336 |
_atext _btxt _2rdacontent |
||
| 337 |
_aunmediated _bn _2rdamedia |
||
| 338 |
_avolume _bnc _2rdacarrier |
||
| 500 | _aIncludes index. | ||
| 504 | _aIncludes bibliographical references. | ||
| 650 | 1 | _aLipids in human nutrition. | |
| 650 |
_aLipids _xPhysiological effect. |
||
| 650 | _aFatty acids in human nutrition. | ||
| 700 |
_aWatson, Ronald Ross., _aeditor. |
||
| 700 |
_aMeester, Fabien De., _aeditor. |
||
| 907 |
_a.b10408496 _b26-08-21 _c25-08-21 |
||
| 003 | |||
| 005 | 20230120191440.0 | ||
| 942 |
_cBOOKS _kREF QP752.F35 _mHAN |
||
| 999 |
_c101331 _d101331 |
||